000 00517nas1a22001931i 4500
001 RU\NLR\Per\1165227
005 20240725021833.0
035 _a(NLR Aleph) 010872445
090 _a10468222
_c10468222
100 _a20151015a20159999|||y0rusy50 ca
101 0 _arus
102 _aRU
110 _aa
200 1 _aРабота в кармане. Работа есть. Краснодар
210 _aСимферополь
_d2015 -
852 _aNLR
_jФГО
942 _cJOURNAL
980 _aRUSPER